Slogan pubblicità italiane - 2 - Statistics

Statistiche generali
  • Questo quiz è stato fatto 128 volte
  • Il punteggio medio è 9 su 15
Statistiche sulle risposte
Slogan Brand % Corretto
"Altissima, purissima, _____________." Levissima
99%
"Rotoloni _____________: non finiscono mai!" Regina
92%
"_____________: se non ti lecchi le dita, godi solo a metà" Fonzies
85%
"_____________. Batte. Forte. Sempre. Unieuro
78%
"E' nuovo?" "No, lavato con _____________" Perlana
72%
"La _____________ sei tu. Chi può darti di più?" Coop
63%
"_____________. Persone oltre le cose" Conad
61%
"_____________. La natura di prima mano" Valfrutta
54%
"_____________, per chi non si accontenta" Rowenta
53%
"Fai un break. Spezza con _____________" KitKat
42%
"E' sempre l'ora dei _____________" Pavesini
41%
"O così. O _____________" Pomì
39%
"_____________. Gioielli da vivere" Morellato
36%
"Today, tomorrow, _____________" Toyota
35%
"_____________. Perchè voi valete" L'oréal Paris
24%
Nessun quiz corrispondente trovato
Distribuzione punteggi
Percentuale di utenti per punteggio
Percentile per numero di risposta
I tuoi punteggi nel tempo
Non hai fatto questo quiz